000 00352nam a22001337a 4500
008 250703b |||||||| |||| 00| 0 eng d
020 _a0582056233
050 _aHD1415
_b.A47
100 _aABBOTT C. J
245 _aAgricultural Economics and Marketing in the Tropics
260 _aHong Kong
_bLongman Group Ltd.
_c1979
300 _a168p.
942 _cBK
999 _c4103
_d4103